Statistics for Most Countries in Asia You Can Name in 1.5 Minutes

Click here to take the quiz!

General Stats

  • This quiz has been taken 10,523 times
    (10,515 since last reset)
  • The average score is 30 of 48

Answer Stats

Asian Country % Correct
China
96%
Japan
90%
India
90%
South Korea
81%
North Korea
80%
Indonesia
79%
Vietnam
76%
Iran
76%
Thailand
75%
Pakistan
75%
Iraq
75%
Laos
73%
Mongolia
71%
Afghanistan
70%
Cambodia
69%
Nepal
68%
Malaysia
68%
Saudi Arabia
64%
Israel
63%
Oman
63%
Singapore
63%
Bhutan
63%
Yemen
62%
Taiwan
62%
Bangladesh
62%
Kazakhstan
61%
Myanmar
59%
Sri Lanka
57%
Uzbekistan
57%
Philippines
57%
United Arab Emirates
56%
Qatar
55%
Turkmenistan
55%
Syria
55%
Jordan
55%
Turkey
54%
Armenia
53%
Brunei
52%
Tajikistan
52%
Azerbaijan
51%
Kuwait
51%
Lebanon
50%
Bahrain
49%
Georgia
47%
Kyrgyzstan
45%
East Timor
42%
Maldives
33%
Cyprus
28%

Score Distribution

Percentile by Number Answered

Percent of People with Each Score

Your Score History

You have not taken this quiz since the last reset